1654 1259 1394 1099 1585 1889 1013 1875 1180 1522 1737 1238 1751 1037 1817 1231 1760 1275 1882 1125 1976 1612 1008 1089 1021 1592 1057 1025 1154 1599 1866 1442 1322 1780 1093 1671 1921 1058 1768 1116 1759 1547 1538 1625 1636 1663 1053 1127 1823 1579 1812 1985 1532 1660 1190 1088 1485 1766 1208 1715 1614 1346 1483 1043 1380 1221 1873 1925 1248 1704 1361 1387 1428 1869 1544 1480 1962 1825 1299 1749 1490 1872 1175 1766 1381 1862 1262 1588 1402 1326 1040 1103 1632 1445 1795 1612 1164 1647 1280 BCNSPRNW ULIB Ver.6.0+V

เปลี่ยนเป็นภาษาไทย

Change to English
 แสดงรายละเอียดบรรณานุกรม
  กลับหน้าหลัก

Brief Record : Get Marc (ISO 2709) : E-mail record : QR code < ปิดหน้าต่าง
LEADER : 00000nam 2200000uu 4500
001    13399128521
003     ULIB
008    230831s2565||||th 000 0 tha d
020    ^a9786163812414
060    ^aWS440^bท521น
110    ^aทีมวิชาการ Life Balance
245    ^aนิทานสร้างเสริมสุขนิสัยเล่มแรกของหนู หนูดีไม่กินผัก
250    ^aพิมพ์ครั้งที่ 1
260    ^aกรุงเทพฯ :^bLife Balance,^cม.ป.ป.
300    ^a24 หน้า;^c19 ซม.
650    ^aนิทานเด็ก
650    ^aเด็ก-พัฒนาการ
945    ^p49^l0^i010289
999    ^aประนอม เกษจรัล
รายการนี้ยังไม่มีแท็ก
คุณยังไม่ได้ล็อกอิน คุณสามารถมีกิจกรรมร่วมกับเว็บไซต์ได้ แต่ต้องล็อกอินก่อน ::
  ล็อกอิน

รายการสื่อสารสนเทศ

ลำดับที่ ประเภท เลขเรียก/บาร์โค้ด สถานที่ สถานะ
1. วิทยาศาสตร์การแพทย์ และสุขภาพ
วิทยาศาสตร์การแพทย์ และสุขภาพ
WS440 ท521น ฉ.1 
  Barcode: 010289
ห้องสมุดวิทยาเขตสวรรค์ประชารักษ์
►หนังสือทั่วไป
บนชั้น

รายการใกล้เคียง
    ชื่อเรื่อง [นิทานสร้างเสริมสุขนิสัยเล่มแรกของหนู หนูดีไม่กินผัก]

    หัวเรื่อง [นิทานเด็ก]
    หัวเรื่อง [เด็ก-พัฒนาการ]

BibComment


ยังไม่เคยถูกคอมเมนท์

คอมเมนท์ทรัพยากรรายการนี้
  คอมเมนท์: นิทานสร้างเสริมส..


 Copyright 2026. Bcnsprnw @Library